| 000 | 00418nam a2200133Ia 4500 | ||
|---|---|---|---|
| 008 | 231129s9999||||xx |||||||||||||| ||spa|| | ||
| 020 | _a958-681-020-8 | ||
| 040 | _bspa | ||
| 082 | _a370.114 F363e | ||
| 100 | _aFernandez de Gaceo Viana Ricardo | ||
| 245 | 0 | _aEducacion etica y valores humanos: Manual practico para el desarrollo de valores | |
| 264 | _aMigena | ||
| 942 |
_2ddc _cBKS |
||
| 999 |
_c9982 _d9982 |
||